000
00326nam a22001457a 4500
003
SGT
082
_a
612.015
_b
NEL
100
_a
NELSON, DAVID L.
245
_a
LEHNINGER PRINCIPLES OF BIOCHEMISTRY
250
_a
8TH
260
_a
USA
_b
MACMILLAN PUB.
_c
2021
300
_a
1096
650
_a
BIOCHEMISTRY
942
_2
ddc
_c
BK
999
_c
33104
_d
33104